| 000 | 00651nam a2200229 i 4500 | ||
|---|---|---|---|
| 001 | bg | ||
| 100 | 1 | _aPIETRAŚ, Ziemowit Jacek | |
| 245 | 1 | 0 |
_aDecydowanie polityczne / _cZiemowit Jacek Pietraś. |
| 250 | _a[Wyd.1, dodr.]. | ||
| 260 |
_aWarszawa ; _aKraków : _bWydaw. Naukowe PWN, _c2000. |
||
| 300 |
_a477, [1] s. : _brys. ; _c21 cm. |
||
| 504 | _aBibliogr. s. 459-[478]. | ||
| 650 | 9 |
_aDecyzje _xpolityka |
|
| 655 | _aPodręczniki akademickie | ||
| 020 | _a8301126795 | ||
| 040 | _cBPK | ||
| 041 | 0 | _apl | |
| 080 | _a32.001:65.012.4:159.9](075.8) | ||
| 920 | _a83-01-12679-5 | ||
| 942 | _cKS | ||
| 008 | s pl f |000 0 pol | ||
| 999 |
_c38388 _d38388 |
||
| 856 |
_uhttp://koha.tu.koszalin.pl/cgi-bin/koha/opac-detail.pl?biblionumber=38388 _yKatalog online BPK |
||